Lataa...
Shakespeare's tragic heroes: slaves of passion
| Päätekijä: | |
|---|---|
| Aineistotyyppi: | Printed Book |
| Julkaistu: |
London, Methuen
1970
|
| Sarja: | University paperbacks
|
| Aiheet: |
| LEADER | 006430000a22002170004500 | ||
|---|---|---|---|
| 022 | |a 09-06-2004 | ||
| 041 | |a English | ||
| 082 | |a 82.330 09 CAM/S L0 | ||
| 100 | |a Campbell, Lily B | ||
| 245 | |a Shakespeare's tragic heroes: slaves of passion | ||
| 260 | |a London, Methuen | ||
| 260 | |c 1970 | ||
| 490 | |a University paperbacks | ||
| 650 | |a Criticism | ||
| 650 | |a Drama | ||
| 650 | |a English literature | ||
| 650 | |a Shakespeare, William | ||
| 650 | |a Tragedy | ||
| 942 | |c BK | ||
| 999 | |c 142878 |d 142874 | ||
| 952 | |0 0 |1 0 |4 0 |6 82_330000000000000_09_CAM_S_L0 |7 0 |9 141662 |a SCC |b SCC |d 2017-10-11 |l 0 |o 82.330 09 CAM/S L0 |p SCC01217 |r 2017-10-11 |w 2017-10-11 |y BK | ||